000 00930nam a2200265Ia 4500
003 OSt
005 20220923211149.0
006 a|||||r|||| 00| 0
007 ta
008 220922b |||||||| |||| 00| 0 hin d
020 _a818752474X (pbk)
_c260
024 _a273,283
037 _b23061, 16/08/2013, Kitab Ghar
_cTextual
040 _aARTS
_cARTS
_bhin
041 _2hin
_ahin
082 _aO152,3M95w, P6.1-.2
100 _aशर्मा, विष्णुचंद्र
_9158969
245 0 _aसमय साम्यवादी
246 _aSamaya sāmyavādī
260 _aमुंबई
_b संवाद प्रकाशन
_c2006
490 _vभाग 1
650 _aहिन्दी साहित्य
_9156264
942 _hO152,3M95w, P6.1-.2
_cTEXL
_2CC
999 _c296176
_d296176